000 00557nam a22001937a 4500
003 CEME
005 20210628205517.0
008 210305b xxu||||| |||| 00| 0 eng d
020 _a0-7106-1804-2
040 _c.
082 _a355-NBC JAN'E
100 _aEldridge, John
_960859
245 _aJanes nbc defence systems
250 _a11TH
260 _aJANES INFORMATION GROUP
_bUNITED KINGDOM
_c1998
300 _a331P
650 _aNBC DEFENCE SYSTEMS DEFENCE SYSTEMS-NBC NUCLEAR WEAPONS BIOLOGICAL WARFARE CHEMICAL WARFARE
_975844
942 _cBK
_2ddc
999 _c581255
_d581255